Подробности
| 000 -МАРКЕР |
| контрольное поле |
01929nam0a2200349 4500 |
| 001 - ИДЕНТИФИКАТОР ЗАПИСИ |
| контрольное поле |
RU\NLR\bibl\1274371 |
| 005 - ИДЕНТИФИКАТОР ВЕРСИИ |
| контрольное поле |
20260406152506.0 |
| 010 ## - МЕЖДУНАРОДНЫЙ СТАНДАРТНЫЙ НОМЕР КНИГИ (ISBN) |
| Номер (ISBN) |
978-5-488-01934-8 |
| Тираж |
7000 |
| 021 ## - НОМЕР ГОСУДАРСТВЕННОЙ РЕГИСТРАЦИИ |
| Код страны |
Российская Федерация |
| Номер |
2008-56661 |
| Номер Листа государственной регистраци |
3153 |
| 035 ## - ДРУГИЕ СИСТЕМНЫЕ НОМЕРА |
| Идентификатор записи |
(NLR Aleph) 001260207 |
| 100 ## - ДАННЫЕ ОБЩЕЙ ОБРАБОТКИ |
| Данные общей обработки |
20080917d2008 |||y0rusy50 ca |
| 101 1# - ЯЗЫК РЕСУРСА |
| Язык текста, звукозаписи и т.д. |
русский |
| Язык оригинала |
английский |
| 102 ## - СТРАНА ПУБЛИКАЦИИ ИЛИ ПРОИЗВОДСТВА |
| Страна публикации |
Российская Федерация |
| 105 ## - ПОЛЕ КОДИРОВАННЫХ ДАННЫХ: ТЕКСТОВЫЕ МАТЕРИАЛЫ, МОНОГРАФИЧЕСКИЕ |
| Кодированные данные о монографическом текстовом документе |
a ||||||||| |
| 200 1# - ЗАГЛАВИЕ И СВЕДЕНИЯ ОБ ОТВЕТСТВЕННОСТИ |
| Основное заглавие |
Сказки |
| Сведения, относящиеся к заглавию |
[для младшего школьного возраста] |
| Первые сведения об ответственности |
Редьяр Киплинг |
| Последующие сведения об ответственности |
[пер. с англ. К Чуковского |
| -- |
стихи в пер. С. Маршака |
| -- |
худож. В. Курдов, В. Дувидов] |
| 210 ## - ПУБЛИКАЦИЯ, РАСПРОСТРАНЕНИЕ И ДР. |
| Место издания, распространения и т.д. |
Москва |
| Имя издателя, распространителя и т. д. |
Оникс |
| Дата издания, распространения и т.д. |
2008 |
| 215 ## - ФИЗИЧЕСКАЯ ХАРАКТЕРИСТИКА |
| Специфическое обозначение материала и объем |
173, [2] с. |
| Другие сведения о физической характеристике |
ил., портр. |
| Размеры |
22 |
| 225 1# - СЕРИЯ |
| Основное заглавие серии |
Библиотека младшего школьника |
| Сведения, относящиеся к заглавию |
БМШ |
| 225 1# - СЕРИЯ |
| Основное заглавие серии |
Читаем по школьной программе |
| 327 1# - ПРИМЕЧАНИЯ О СОДЕРЖАНИИ |
| Текст примечания |
Содерж.: Отчего у верблюда горб; Откуда у носорога шкура; Слоненок; Откуда взялись броненосцы; Как было написано первое письмо; Кошка, гулявшая сама по себе; Рикки-Тикки-Тави |
| 686 ## - ИНДЕКСЫ ДРУГИХ КЛАССИФИКАЦИЙ |
| Индекс |
Ш9(4Вл)60-4 |
| 700 #1 - ИМЯ ЛИЦА - ПЕРВИЧНАЯ ОТВЕТСТВЕННОСТЬ |
| Код отношения |
Автор |
| Материалы, к которым относится поле |
rus |
| Графика поля |
Кириллица |
| Начальный элемент ввода |
Киплинг |
| Часть имени, кроме начального элемента ввода |
Р. |
| Даты |
1865-1936 |
| Расширение инициалов личного имени |
Редьярд |
| Идентификатор авторитетной/нормативной записи |
RU\NLR\auth\775969 |
| Системный номер авторитетной/нормативной записи |
115925 |
| 702 #1 - ИМЯ ЛИЦА - ВТОРИЧНАЯ ОТВЕТСТВЕННОСТЬ |
| Код отношения |
Переводчик |
| Материалы, к которым относится поле |
rus |
| Графика поля |
Кириллица |
| Начальный элемент ввода |
Маршак |
| Часть имени, кроме начального элемента ввода |
С. Я. |
| Даты |
1887-1964 |
| Расширение инициалов личного имени |
Самуил Яковлевич |
| Идентификатор авторитетной/нормативной записи |
RU\NLR\auth\774792 |
| Системный номер авторитетной/нормативной записи |
114767 |
| 702 #1 - ИМЯ ЛИЦА - ВТОРИЧНАЯ ОТВЕТСТВЕННОСТЬ |
| Код отношения |
Карикатурист, Художник |
| Материалы, к которым относится поле |
rus |
| Графика поля |
Кириллица |
| Начальный элемент ввода |
Курдов |
| Часть имени, кроме начального элемента ввода |
В. И. |
| Дополнения к именам, кроме дат |
художник |
| Даты |
1905-1989 |
| Расширение инициалов личного имени |
Валентин Иванович |
| Идентификатор авторитетной/нормативной записи |
RU\NLR\auth\7773804 |
| Системный номер авторитетной/нормативной записи |
56732 |
| 702 #1 - ИМЯ ЛИЦА - ВТОРИЧНАЯ ОТВЕТСТВЕННОСТЬ |
| Код отношения |
Карикатурист, Художник |
| Материалы, к которым относится поле |
rus |
| Графика поля |
Кириллица |
| Начальный элемент ввода |
Дувидов |
| Часть имени, кроме начального элемента ввода |
В. А. |
| Дополнения к именам, кроме дат |
художник |
| Даты |
1932-2000 |
| Расширение инициалов личного имени |
Виктор Аронович |
| Идентификатор авторитетной/нормативной записи |
RU\NLR\auth\7773803 |
| Системный номер авторитетной/нормативной записи |
56731 |
| 801 #0 - ИСТОЧНИК ЗАПИСИ |
| Страна |
Российская Федерация |
| Организация |
NLR |
| Дата составления |
20080917 |
| Правила каталогизации |
RCR |
| 801 #1 - ИСТОЧНИК ЗАПИСИ |
| Страна |
Российская Федерация |
| Организация |
NLR |
| Дата составления |
20080917 |
| 942 ## - ДОПОЛНИТЕЛЬНЫЕ ЭЛЕМЕНТЫ ЗАПИСИ (АБИС) |
| Тип экземпляра АБИС |
Книга |
| 980 ## - КОЛЛЕКЦИЯ |
| Название коллекции |
Национальная библиография |